01066nam a2200277Ia 4500001000700000003000500007008004100012010001100053020001800064040000900082082001800091100002300109245020800132260003200340300001500372500006400387503005900451504003800510650004300548650003800591650003600629700003300665700003200698700003200730700002600762Z_4273CHAP220113s1995 xx 000 0 und d a167337 a84-200-0885-0 cCHAP a636.20896 R43 aRebhun, William C. aEnfermedades del ganado vacuno lechero /cWilliam C. Rebhun; contribución (cap. 15) Chuck Giard; dibujos esquemáticos y asistencia editorial Carolyn M. Richards; traducción Manuel Ramis Vergés aEspaña :bAcribia,c1995 axi, 666 p. aTraduccion de la obra en inglés: Diseases of dairy cattle aej.1: 215704 \ ej.2: 240764 \ ej.3: 254328 \ ej.4: C/E aIncluye bibliografía e índice aEnfermedades del ganado vacuno lechero aGanado lechero xx Enfermedades  aGanado vacuno xx Enfermedades a Ramis Vergés, Manuel, tr. a Richards, Carolyn M., ed.  a Richards, Carolyn M., il.  aGuard, Chuck, colab.